Statistiques concernant Les continents en enlevant des lettres

Cliquez ici pour prendre le quiz!

Statistiques générales

  • Ce quiz a été pris 149 fois
  • Le résultat moyen est 30 sur 43

Statistiques - réponses

continents% Correct
A
99%
A
99%
A
99%
A
99%
E
98%
O
89%
Am
87%
Ame
85%
Eu
85%
As
83%
Asi
81%
Eur
81%
Amer
80%
Euro
80%
Europ
79%
Asie
78%
Af
76%
Ameri
76%
Europe
76%
Oc
75%
Ameriq
74%
Ameriqu
73%
Afr
72%
Amerique
72%
Afri
71%
Afriq
71%
Afriqu
71%
Oce
71%
Afrique
70%
Ocea
70%
Ocean
69%
Oceani
68%
Oceanie
63%
An
53%
Ant
49%
Anta
47%
Antar
46%
Antarc
40%
Antarct
38%
Antarcti
35%
Antarctiq
31%
Antarctiqu
27%
Antarctique
24%

Distribution des résultats

Percentile par nombre de réponses

% des personnes avec chaque résultat

Votre développement - résultats

Vous n’avez pas pris ce quiz